<?xml version="1.0" encoding="UTF-8"?><?xml-stylesheet type="text/xsl" href="static/style.xsl"?><OAI-PMH xmlns="http://www.openarchives.org/OAI/2.0/" xmlns:xsi="http://www.w3.org/2001/XMLSchema-instance" xsi:schemaLocation="http://www.openarchives.org/OAI/2.0/ http://www.openarchives.org/OAI/2.0/OAI-PMH.xsd"><responseDate>2026-06-29T02:51:00Z</responseDate><request verb="GetRecord" identifier="oai:docta.ucm.es:20.500.14352/131215" metadataPrefix="marc">https://docta.ucm.es/rest/oai/request</request><GetRecord><record><header><identifier>oai:docta.ucm.es:20.500.14352/131215</identifier><datestamp>2026-01-29T01:12:17Z</datestamp><setSpec>com_20.500.14352_14</setSpec><setSpec>col_20.500.14352_15</setSpec></header><metadata><record xmlns="http://www.loc.gov/MARC21/slim" xmlns:dcterms="http://purl.org/dc/terms/" xmlns:xsi="http://www.w3.org/2001/XMLSchema-instance" xmlns:doc="http://www.lyncode.com/xoai" xsi:schemaLocation="http://www.loc.gov/MARC21/slim http://www.loc.gov/standards/marcxml/schema/MARC21slim.xsd">
   <leader>00925njm 22002777a 4500</leader>
   <datafield ind2=" " ind1=" " tag="042">
      <subfield code="a">dc</subfield>
   </datafield>
   <datafield ind2=" " ind1=" " tag="720">
      <subfield code="a">González Alcázar, Claudio Felipe</subfield>
      <subfield code="e">author</subfield>
   </datafield>
   <datafield ind2=" " ind1=" " tag="260">
      <subfield code="c">2020-06</subfield>
   </datafield>
   <datafield ind2=" " ind1=" " tag="520">
      <subfield code="a">RESUMEN: A lo largo del tiempo se han sostenido diversos conceptos de Literatura que han sido continuamente puestos en duda. Además de la dificultad de una definición en sí el factor más importante de esta insatisfacción ha sido establecer unos límites entre lo que es y no es Literatura. La ausencia de la actividad valorativa de la crítica ha ayudado a extender su naturaleza a la de toda otra comunicación artística, decretado por los estudios pragmáticos. Se propone entender lo diferente partiendo de un concepto comparado de la Literatura sin renunciar a la labor evaluadora de la crítica.</subfield>
   </datafield>
   <datafield ind2=" " ind1=" " tag="520">
      <subfield code="a">ABSTRACT: Over time, various concepts of literature have been sustained and continuously questioned. Besides the difficulty of a definition itself, the most important factor in this dissatisfaction has been to establish some limits between what is and is not Literature. The absence of the evaluative activity of criticism has helped to extend its nature to that of all other artistic communication, decreed by pragmatic studies. It aims to understand what is different based on a comparative concept of Literature without renouncing the evaluative work of criticism.</subfield>
   </datafield>
   <datafield ind1="8" ind2=" " tag="024">
      <subfield code="a">González Alcázar, Felipe. «Sobre otro concepto de literatura». Razón y Fe, vol. 281, n.º 1445, mayo-junio de 2020, pp. 317-30, https://revistas.comillas.edu/razonyfe/es/article/view/12847.</subfield>
   </datafield>
   <datafield ind1="8" ind2=" " tag="024">
      <subfield code="a">0034-0235</subfield>
   </datafield>
   <datafield ind1="8" ind2=" " tag="024">
      <subfield code="a">https://hdl.handle.net/20.500.14352/131215</subfield>
   </datafield>
   <datafield ind1="8" ind2=" " tag="024">
      <subfield code="a">https://revistas.comillas.edu/razonyfe/es/article/view/12847</subfield>
   </datafield>
   <datafield ind1="8" ind2=" " tag="024">
      <subfield code="a">https://revistas.comillas.edu/razonyfe/es/index</subfield>
   </datafield>
   <datafield ind1="8" ind2=" " tag="024">
      <subfield code="a">https://revistas.comillas.edu/index/es</subfield>
   </datafield>
   <datafield ind2="0" ind1="0" tag="245">
      <subfield code="a">Sobre otro concepto de literatura</subfield>
   </datafield>
   <datafield ind2="0" ind1="0" tag="245">
      <subfield code="a">On another concept of literature</subfield>
   </datafield>
</record></metadata></record></GetRecord></OAI-PMH>